Capitals Without the Letters of “New Delhi” - Statistics

General Stats
  • This quiz has been taken 6 times
  • The average score is 4 of 16
Answer Stats
Continents Capitals % Correct
South America Bogota
60%
South America Caracas
60%
Asia Tokyo
40%
Africa Abuja
20%
Africa Accra
20%
Africa Asmara
20%
Asia Baku
20%
Africa Bamako
20%
Asia Jakarta
20%
Africa Juba
20%
Oceania Majuro
20%
Africa Maputo
20%
Asia Muscat
20%
Africa Rabat
20%
Oceania Suva
20%
Africa Yamoussoukro
0%
No matching quizzes found
Score Distribution
Percent of People with Each Score
Percentile by Number Answered
Your Score History
You have not taken this quiz